Top 10 des pays les plus riches d'Europe - Statistiques

Statistiques générales
  • Ce quiz a été pris 619 fois
  • Le résultat moyen est 7 sur 10
Statistiques - réponses
Rang Pays % Correct
10- Allemagne
94%
2- Suisse
86%
8- Suède
77%
3- Norvège
75%
9- Finlande
70%
1- Luxembourg
68%
7- Pays-Bas
65%
6- Danemark
64%
4- Irlande
58%
5- Islande
53%
Aucun quiz correspondant
Distribution des résultats
% des personnes avec chaque résultat
Percentile par nombre de réponses
Votre historique - résultats
Vous n’avez pas pris ce quiz